000 00399nam a2200181Ia 4500
003 0STCL
008 150530s9999 xx 000 0 und d
040 _aSTCL
_cSTCL
100 _aVallathol NArayana Menon
245 _aBapuji
250 _a6
260 _bVallathol Vedi: Thissur
_c1969
300 _a0
546 _aMalayalam
942 _2ddc
_cBK
999 _c47121
_d47121
005 20220125170720.0